Loading...
Mathematics of statistics, Part2
| Main Author: | |
|---|---|
| Other Authors: | |
| Format: | Printed Book |
| Published: |
D Van Nostrand Co., London
1963
|
| Edition: | 23 |
| Subjects: |
| LEADER | 00532nam a2200169 4500 | ||
|---|---|---|---|
| 082 | |a 519.5 KEN-M2.2 | ||
| 100 | |a Kenney, J F | ||
| 245 | |a Mathematics of statistics, Part2 |c J F Kenney and E S Keeping | ||
| 250 | |a 23 | ||
| 260 | |a D Van Nostrand Co., London |c 1963 | ||
| 300 | |||
| 490 | |||
| 650 | |a Statistical mathematics-- Applied mathematics | ||
| 700 | |a Keeping, E S | ||
| 942 | |c BK | ||
| 999 | |c 199567 |d 199567 | ||
| 952 | |0 0 |1 0 |4 0 |6 519_500000000000000_KENM2_2 |7 0 |9 212916 |a MAT |b MAT |l 0 |o 519.5 KEN-M2.2 |p MAT110 |r 2019-11-01 |w 2019-11-01 |y BK | ||